000 00967nam a22002897a 4500
003 DO-SdBNP
005 20260310104012.0
006 a||||gr|||| 00| 0
007 ta
008 240813t1998 dr ||||| |||| 00| 0 spa d
020 _a8489548463
040 _aDO-SdBNP
_bspa
_cBNPHU
_erda
082 4 _222
_bC794d
100 1 _aCordero, Walter,
_916854
_eautor
245 1 0 _aLa discriminación racial: orígenes y manifestaciones /
_cWalter Cordero; editor, Eva Mir.
264 4 _aSanto, Domingo :
_bPontificia Universidad Católica Madre y Maestra,
_c©1998
300 _a32 páginas ;
_c21 cm.
336 _2rdacontent
_atexto
_btxt
337 _2rdamedia
_asin mediación
_bn
338 _2rdacarrier
_avolumen
_bnc
490 0 _aEducación Ciudadana ;
_v12
500 _aIncluye bibliografía y notas al pie de páginas.
590 _aInventariado 2024 / MF
650 0 _aDiscriminación racial
_92280
700 1 _aMir, Eva,
_eeditor
_986333
942 _2ddc
_cLF2
999 _c57441
_d57441